| 000 | 00875nmm a2200289 a 4500 | ||
|---|---|---|---|
| 003 | AR-BaBNM | ||
| 005 | 20251128210949.0 | ||
| 008 | 011101s1998 ||||||||||||||000 | spa|| | ||
| 020 | _a987-96947-0-8 | ||
| 040 | _cAR-BaBNM | ||
| 100 | 1 | _aValzacchi, Jorge Rey | |
| 245 | 1 | 0 | _aInternet y educación |
| 250 | _a1ª | ||
| 260 |
_aBuenos Aires _bEdiciones Horizonte Informática Educativa _c1998 |
||
| 300 | 0 |
_a352 p. _bil., tablas |
|
| 500 | 1 | _aIncluye listas de correo, foros de discusión y "chats" educativos p. 335-348 | |
| 504 | _aContiene referencias bibliográficas p. 350-352 | ||
| 650 | 4 | _aTECNOLOGIA EDUCATIVA | |
| 650 | 4 | _aREDES DE INFORMACION | |
| 650 | 4 | _aMEDIOS DE COMUNICACION | |
| 653 | 0 | _aINTERNET | |
| 653 | 0 | _aMULTIMEDIA | |
| 653 | 0 | _aCOMUNICACION VIRTUAL | |
| 653 | 0 | _aEDUCACION VIRTUAL | |
| 653 | 0 | _aESTRATEGIAS DIDACTICAS | |
| 942 | _cBK | ||
| 999 |
_c17664 _d17664 |
||